[Event "Foment Martinenc op-C 21st"]
[Site "Barcelona"]
[Date "2019.06.15"]
[Round "8"]
[White "Farell Duran, Josep"]
[Black "Ribera Caro, Joan"]
[Result "1-0"]
[WhiteElo "1665"]
[BlackElo "1649"]
[PlyCount "128"]
[EventDate "2019.04.27"]
[EventType "swiss"]
[EventRounds "9"]
[EventCountry "ESP"]
[SourceTitle "EXT 2020"]
[Source "ChessBase"]
[SourceDate "2019.10.17"]
[SourceVersion "1"]
[SourceVersionDate "2019.10.17"]
[SourceQuality "1"]

1. d4 Nf6 2. e3 b6 3. f4 Bb7 4. Nf3 e6 5. Bd3 c5 6. c3 Be7 7. 0-0 0-0 8. Qe2 Qc8 9. e4 cxd4 10. cxd4 Ba6 11. e5 Nd5 12. Bxa6 Nxa6 13. a3 d6 14. Qd3 Nb8 15. Nc3 Nxc3 16. Qxc3 Qxc3 17. bxc3 d5 18. a4 Nd7 19. Nd2 Rac8 20. Bb2 Rc7 21. Rac1 Rfc8 22. Rc2 Bb4 23. Rfc1 Ba5 24. Nb1 a6 25. Na3 Nb8 26. c4 Bb4 27. cxd5 Rxc2 28. Rxc2 Rxc2 29. Nxc2 Bd2 30. dxe6 fxe6 31. g3 Nc6 32. Kf2 Nb4 33. Nxb4 Bxb4 34. g4 g6 35. h3 Kf7 36. Ke3 Ke7 37. Ke4 b5 38. axb5 axb5 39. d5 exd5+ 40. Kxd5 Bd2 41. f5 gxf5 42. gxf5 b4 43. Kc4 Kf7 44. e6+ Ke7 45. Bd4 Bg5 46. Kxb4 Bh4 47. Kc5 Bg5 48. Be5 Bh4 49. Kc6 Bg5 50. Bd6+ Ke8 51. Kc7 Bf6 52. Kc8 Bg7 53. Bf4 Bf6 54. Bh6 Ke7 55. Kc7 Be5+ 56. Kc6 Bf6 57. Kd5 Kd8 58. Ke4 Ke8 59. Kf4 Bc3 60. Kg4 Bd4 61. Bg5 Bg7 62. f6 Bh8 63. Kh5 Kf8 64. Bh6+ Ke8 1-0

[Event "Moia op 7th"]
[Site "Moia"]
[Date "2018.10.05"]
[Round "4"]
[White "Farell Duran, Josep"]
[Black "Sola Lluch, Miquel"]
[Result "0-1"]
[WhiteElo "1421"]
[BlackElo "1813"]
[PlyCount "80"]
[EventDate "2018.09.14"]
[EventType "swiss"]
[EventRounds "8"]
[EventCountry "ESP"]
[SourceTitle "CBM 189 Extra"]
[Source "ChessBase"]
[SourceDate "2019.06.03"]
[SourceVersion "1"]
[SourceVersionDate "2019.06.03"]
[SourceQuality "1"]

1. d4 d5 2. e3 Nf6 3. Bd3 e6 4. f4 c5 5. c3 Bd6 6. Nf3 Nc6 7. 0-0 0-0 8. b3 Ne4 9. Bxe4 dxe4 10. Ne5 f5 11. Qe1 a5 12. a4 Nxe5 13. fxe5 Be7 14. Nd2 b6 15. Nc4 Ba6 16. Bd2 Rc8 17. Rc1 b5 18. axb5 Bxb5 19. g3 a4 20. Qd1 Rb8 21. Rb1 Qc7 22. Qc2 cxd4 23. cxd4 axb3 24. Rxb3 Qxc4 25. Qxc4 Bxc4 26. Rxb8 Rxb8 27. Rc1 Bd3 28. Kf2 Rb2 29. Ke1 Rb1 30. Kf2 Rxc1 31. Bxc1 Kf7 32. h3 Ke8 33. Bd2 Kd7 34. Ba5 Kc6 35. Kg2 Kd5 36. Bc7 Bb5 37. Kf2 Kc4 38. Bb6 Bb4 39. Bc7 Bd2 40. d5 Bxe3+ 0-1

[Event "Sabadell Coral Colon op 12th"]
[Site "Sabadell"]
[Date "2018.03.09"]
[Round "5"]
[White "Mayo Delgado, Alfonso"]
[Black "Farell Duran, Josep"]
[Result "1-0"]
[WhiteElo "1508"]
[BlackElo "1467"]
[PlyCount "79"]
[EventDate "2018.02.09"]
[EventType "swiss"]
[EventRounds "9"]
[EventCountry "ESP"]
[SourceTitle "EXT 2019"]
[Source "ChessBase"]
[SourceDate "2018.10.10"]
[SourceVersion "1"]
[SourceVersionDate "2018.10.10"]
[SourceQuality "1"]

1. c4 Nf6 2. Nc3 g6 3. g3 Bg7 4. Bg2 0-0 5. d3 d6 6. Nf3 Nc6 7. a3 h6 8. Bd2 a6 9. Qc1 Kh7 10. 0-0 Na5 11. Qc2 Rb8 12. Nd5 Nxd5 13. Bxa5 Nf6 14. Bc3 b6 15. h3 Qd7 16. e4 Bb7 17. Rae1 b5 18. b3 bxc4 19. bxc4 c5 20. Kh2 Bc6 21. e5 Ba4 22. Qd2 Ne8 23. exd6 Bxc3 24. Qxc3 Rb3 25. dxe7 Rg8 26. Qa5 Rxd3 27. Ne5 Qc7 28. Qxc7 Nxc7 29. Nxd3 Ne6 30. Bd5 Bd7 31. Bxe6 Bxe6 32. Nxc5 Bxc4 33. Rg1 Re8 34. Re3 Kg7 35. Rd1 Bb5 36. Nb7 Kf6 37. Rd6+ Kg7 38. Rd8 Kf6 39. Rxe8 Bxe8 40. Nd6 1-0

[Event "Sabadell Coral Colon op 12th"]
[Site "Sabadell"]
[Date "2018.03.02"]
[Round "4"]
[White "Farell Duran, Josep"]
[Black "Villa Cardenas, Jorge"]
[Result "0-1"]
[WhiteElo "1467"]
[BlackElo "1701"]
[PlyCount "84"]
[EventDate "2018.02.09"]
[EventType "swiss"]
[EventRounds "9"]
[EventCountry "ESP"]
[SourceTitle "EXT 2019"]
[Source "ChessBase"]
[SourceDate "2018.10.10"]
[SourceVersion "1"]
[SourceVersionDate "2018.10.10"]
[SourceQuality "1"]

1. Nf3 Nf6 2. g3 Nc6 3. Bg2 e5 4. d3 d5 5. a3 Be7 6. b3 Be6 7. Bb2 Bd6 8. 0-0 0-0 9. Nbd2 Qd7 10. c4 d4 11. b4 a6 12. Ng5 Bg4 13. Nge4 Nxe4 14. Nxe4 Be7 15. Bc1 Bh3 16. Bd2 Bxg2 17. Kxg2 f5 18. Nc5 Bxc5 19. bxc5 Qe7 20. Rb1 Rab8 21. e3 Qxc5 22. Bb4 Nxb4 23. axb4 Qc6+ 24. Kg1 Rbd8 25. Qb3 Kh8 26. b5 axb5 27. Qxb5 dxe3 28. fxe3 Rxd3 29. Qxe5 Rd2 30. e4 Qh6 31. g4 f4 32. Qh5 Qc6 33. Rbd1 Rxd1 34. Rxd1 Qxe4 35. Qc5 Re8 36. Rf1 c6 37. Qh5 Qe3+ 38. Rf2 h6 39. Qf7 f3 40. Qxf3 Qxf3 41. Rxf3 Re4 42. h3 Rxc4 0-1

[Event "Moia op 6th"]
[Site "Moia"]
[Date "2017.11.03"]
[Round "6"]
[White "Farell Duran, Josep"]
[Black "Perez Ruiz, Carlos"]
[Result "0-1"]
[WhiteElo "1473"]
[BlackElo "1680"]
[PlyCount "68"]
[EventDate "2017.09.22"]
[EventType "swiss"]
[EventRounds "8"]
[EventCountry "ESP"]
[SourceTitle "CBM 189 Extra"]
[Source "ChessBase"]
[SourceDate "2019.06.03"]
[SourceVersion "1"]
[SourceVersionDate "2019.06.03"]
[SourceQuality "1"]

1. Nf3 d5 2. g3 Nf6 3. Bg2 b6 4. b3 Bb7 5. Bb2 Nbd7 6. c4 e6 7. 0-0 Bd6 8. d3 0-0 9. Nbd2 c5 10. cxd5 exd5 11. d4 Rc8 12. Rc1 Qe7 13. Ne1 Rfe8 14. e3 Ba6 15. h3 Bxf1 16. Bxf1 cxd4 17. Bxd4 Bc5 18. Ndf3 Ne4 19. Ng2 Bxd4 20. exd4 Qa3 21. Rc2 Ndf6 22. Bd3 Nc3 23. Qd2 Nfe4 24. Qf4 Nxa2 25. Rc7 Rxc7 26. Qxc7 Qc1+ 27. Qxc1 Nxc1 28. Bc2 Rc8 29. Nge1 Ne2+ 30. Kf1 N2c3 31. Kg2 f6 32. Bxe4 Nxe4 33. b4 Rc3 34. Kf1 a5 0-1

[Event "Moia op 6th"]
[Site "Moia"]
[Date "2017.09.29"]
[Round "2"]
[White "Farell Duran, Josep"]
[Black "Basora Pascual, Pau"]
[Result "0-1"]
[WhiteElo "1473"]
[BlackElo "1610"]
[PlyCount "102"]
[EventDate "2017.09.22"]
[EventType "swiss"]
[EventRounds "8"]
[EventCountry "ESP"]
[SourceTitle "CBM 189 Extra"]
[Source "ChessBase"]
[SourceDate "2019.06.03"]
[SourceVersion "1"]
[SourceVersionDate "2019.06.03"]
[SourceQuality "1"]

1. Nf3 d5 2. g3 Nf6 3. Bg2 e6 4. 0-0 c5 5. b3 Bd6 6. Bb2 Nc6 7. d3 0-0 8. Nbd2 Bd7 9. e3 e5 10. c4 d4 11. exd4 exd4 12. Re1 Bf5 13. Ne4 Nxe4 14. dxe4 Bg4 15. h3 Bh5 16. g4 Bg6 17. a3 a5 18. Bc1 Re8 19. Qd3 Qc7 20. Ra2 Re7 21. Rae2 Rae8 22. Bg5 f6 23. Bd2 Ne5 24. Nxe5 fxe5 25. Bg5 Rf7 26. Qg3 Be7 27. Bd2 Ref8 28. h4 h6 29. h5 Bh7 30. g5 Bxg5 31. Bxg5 hxg5 32. Qxg5 Qd6 33. Rd1 Rf4 34. Rd3 Qf6 35. Rg3 Rxf2 36. Qxf6 R2xf6 37. Rg5 Re8 38. Rf2 Kf7 39. Rxf6+ Kxf6 40. Rg3 Re7 41. Kf2 Ke6 42. Ke2 Rf7 43. Bh3+ Kd6 44. Kd3 Kc6 45. Bg2 b5 46. Rf3 Rxf3+ 47. Bxf3 b4 48. a4 Kd6 49. Bg4 Ke7 50. Bf3 Kf6 51. Kd2 Kg5 0-1

[Event "Foment Martinenc op-C 19st"]
[Site "Barcelona"]
[Date "2017.05.20"]
[Round "5.36"]
[White "Farell Duran, Josep"]
[Black "Pinyol I Llora, Julia"]
[Result "1-0"]
[WhiteElo "1687"]
[BlackElo "1444"]
[PlyCount "119"]
[EventDate "2017.04.22"]
[EventType "swiss"]
[EventRounds "9"]
[EventCountry "ESP"]
[SourceTitle "EXT 2024"]
[Source "ChessBase"]
[SourceDate "2023.10.10"]
[SourceVersion "1"]
[SourceVersionDate "2023.10.10"]
[SourceQuality "1"]

1. d4 Nf6 2. Nf3 e6 3. Bf4 d5 4. e3 Be7 5. Bd3 b6 6. 0-0 0-0 7. Nbd2 Bb7 8. h3 h6 9. c3 Bd6 10. Be5 Bxe5 11. Nxe5 Ne4 12. Nxe4 dxe4 13. Bc2 Nd7 14. Ng4 Nf6 15. Qe2 a5 16. Bb3 Ba6 17. Nxf6+ Qxf6 18. Bc4 Bxc4 19. Qxc4 Rac8 20. Qc6 e5 21. Qxe4 Rfe8 22. Rfd1 Rcd8 23. dxe5 Rxd1+ 24. Rxd1 Rxe5 25. Qd4 Rf5 26. e4 Qxd4 27. Rxd4 Rf6 28. Rd8+ Kh7 29. Rd7 c5 30. f3 Kg6 31. Kf2 Kg5 32. g3 Kg6 33. f4 Rc6 34. g4 f6 35. e5 fxe5 36. fxe5 Re6 37. Rd5 Kg5 38. Kg3 h5 39. h4+ Kg6 40. Kf4 hxg4 41. Kxg4 Re7 42. Rd6+ Kf7 43. Kf5 b5 44. e6+ Kf8 45. Kg6 b4 46. Rd8+ Re8 47. Rxe8+ Kxe8 48. Kxg7 Ke7 49. h5 bxc3 50. bxc3 Kxe6 51. h6 c4 52. h7 a4 53. h8Q a3 54. Qg8+ Kf5 55. Qxc4 Kg5 56. Qf1 Kg4 57. Kf6 Kh5 58. Qg2 Kh4 59. Kf5 Kh5 60. Qh3# 1-0

[Event "Foment Martinenc op-C 19st"]
[Site "Barcelona"]
[Date "2017.04.22"]
[Round "1.7"]
[White "Farell Duran, Josep"]
[Black "Cruz Jimenez, Miguel"]
[Result "1/2-1/2"]
[WhiteElo "1687"]
[BlackElo "1800"]
[PlyCount "42"]
[EventDate "2017.04.22"]
[EventType "swiss"]
[EventRounds "9"]
[EventCountry "ESP"]
[SourceTitle "EXT 2024"]
[Source "ChessBase"]
[SourceDate "2023.10.10"]
[SourceVersion "1"]
[SourceVersionDate "2023.10.10"]
[SourceQuality "1"]

1. d4 d5 2. Bf4 e6 3. Nf3 Nf6 4. e3 Be7 5. Bd3 Nbd7 6. 0-0 0-0 7. Nbd2 Nh5 8. Re1 Nxf4 9. exf4 Bd6 10. Ne5 Nf6 11. Qf3 c5 12. dxc5 Bxc5 13. Nb3 Bd6 14. g4 g6 15. c3 b6 16. h3 Bb7 17. Nd4 a6 18. Qe3 Qc7 19. g5 Bxe5 20. Qxe5 Qxe5 21. fxe5 Nh5 1/2-1/2

[Event "Foment Martinenc op-C 18th"]
[Site "Barcelona"]
[Date "2016.06.18"]
[Round "9"]
[White "Farell Duran, Josep"]
[Black "Dominguez Laguna, Eduard"]
[Result "0-1"]
[WhiteElo "1707"]
[BlackElo "1747"]
[PlyCount "146"]
[EventDate "2016.04.23"]
[EventType "swiss"]
[EventRounds "9"]
[EventCountry "ESP"]
[SourceTitle "EXT 2017"]
[Source "ChessBase"]
[SourceDate "2016.10.25"]
[SourceVersion "1"]
[SourceVersionDate "2016.10.25"]
[SourceQuality "1"]

1. Nf3 Nf6 2. c4 g6 3. Nc3 Bg7 4. g3 0-0 5. Bg2 d6 6. 0-0 a5 7. d3 Na6 8. Bd2 Nc5 9. Rb1 Na6 10. Ng5 Rb8 11. Re1 h6 12. Nge4 Nxe4 13. Nxe4 b6 14. Bc3 e5 15. Bd2 Bb7 16. Qc1 Kh7 17. a3 f5 18. Nc3 Bxg2 19. Kxg2 Nc5 20. b4 axb4 21. axb4 Ne6 22. e3 g5 23. Qd1 Qe8 24. Ra1 Qf7 25. Ra7 f4 26. exf4 gxf4 27. g4 Qg6 28. Ne4 h5 29. h3 Bh6 30. f3 Bg7 31. Qa4 Rf7 32. Ra8 Rxa8 33. Qxa8 Ng5 34. Nxg5+ Qxg5 35. Qe4+ Kg8 36. Ra1 Rf8 37. Qd5+ Kh8 38. Ra8 Rxa8 39. Qxa8+ Kh7 40. Qe4+ Kh6 41. Qc6 Qh4 42. Kf1 Qxh3+ 43. Ke2 hxg4 44. fxg4 Qxg4+ 45. Ke1 Kg6 46. Qe8+ Kh7 47. Qc6 f3 48. Qe4+ Qxe4+ 49. dxe4 c6 50. Kf2 Kg6 51. Kxf3 Kf7 52. Be3 b5 53. cxb5 cxb5 54. Kg4 Ke6 55. Kg5 d5 56. exd5+ Kxd5 57. Bc5 e4 58. Kg4 Bc3 59. Kg3 Bd4 60. Be7 e3 61. Kf3 Kc4 62. Ke2 Kc3 63. Bd6 Kb3 64. Kd3 Bc3 65. Kxe3 Bxb4 66. Be5 Bc5+ 67. Kd3 b4 68. Kd2 Ka2 69. Kd1 b3 70. Bc3 Ba3 71. Kd2 Bb2 72. Bb4 Bc1+ 73. Kd1 b2 0-1

[Event "Sabadell Coral Colon op 9th"]
[Site "Sabadell"]
[Date "2015.03.06"]
[Round "5"]
[White "Farell Duran, Josep"]
[Black "Losada Ferriz, Juan Manel"]
[Result "0-1"]
[WhiteElo "1870"]
[BlackElo "2074"]
[PlyCount "52"]
[EventDate "2015.02.06"]
[EventType "swiss"]
[EventRounds "9"]
[EventCountry "ESP"]
[SourceTitle "EXT 2016"]
[Source "ChessBase"]
[SourceDate "2015.10.08"]
[SourceVersion "1"]
[SourceVersionDate "2015.10.08"]
[SourceQuality "1"]

1. d4 d5 2. e3 c5 3. b3 Nf6 4. c3 cxd4 5. cxd4 e6 6. Nd2 Bd6 7. Bb2 0-0 8. Bd3 Nc6 9. a3 e5 10. dxe5 Bxe5 11. Qc2 Bxb2 12. Qxb2 d4 13. e4 Re8 14. h3 Nxe4 15. Nxe4 f5 16. Ne2 fxe4 17. Bc4+ Be6 18. Rc1 Bxc4 19. Rxc4 Ne5 20. Qxd4 Nxc4 21. Qxc4+ Kh8 22. 0-0 Qd3 23. Rc1 b5 24. Qxd3 exd3 25. Ng3 d2 26. Rd1 Re1+ 0-1